IIS - Instituto de Investigaciones Sociales

Сохранить в:
Библиографические подробности
Соавтор: Universidad de Costa Rica. Facultad de Ciencias Sociales. Instituto de Investigaciones Sociales
Формат: Текст
Опубликовано: San José: IIS
Метки: Добавить метку
Нет меток, Требуется 1-ая метка записи!

MARC

LEADER 00000 a a2200000 04500
001 21791
003
040
090 |a 097700  
110 |a Universidad de Costa Rica. Facultad de Ciencias Sociales. Instituto de Investigaciones Sociales  
245 |a IIS - Instituto de Investigaciones Sociales  
260 |a San José:   |b IIS  
300 |a 8 p.  
999 |c 11622  |d 11622